Items in Batman's Utility Belt - Statistics

General Stats
  • This quiz has been taken 36 times
  • The average score is 4 of 8
Answer Stats
Picture Answer % Correct
Batarang
100%
Bat Shark Repellent
75%
Bat Credit-Card
68%
Batrope
36%
Rebreather
25%
Anti-Lethal Fog Batspray
21%
Anti-Mesmerizing Bat-Reflector
18%
Alphabet Soup Bat-Container
11%
No matching quizzes found
Score Distribution
Percent of People with Each Score
Percentile by Number Answered
Your Score History
You have not taken this quiz